000 00825nam a22001937a 4500
001 8754
003 FISKH
005 20251017092933.0
008 251017b cb ||||| |||| 00| 0 eng d
040 _aFISKH
_beng
_cFISKH
_dFISKH
082 _a423.21
100 _aAnonymous
245 _aPicture dictionary :
_bវចនានុក្រមរូបភាព អង់គ្លេស-ខ្មែរ /
300 _a80 pages :
_bcolor illustrations ;
_c27 cm
520 _aWords are brought to life with the multicolour illustrations aimed at children in pre-school or their early years of education. The dictionary uses fun and child-centred activities to illustrate 900 words orgainised into several topics dealing with animals and theit activities.
650 _aDictionary
942 _2ddc
_cBK
_n0
999 _c8754
_d8754